000
00197 a2200097 4500
001
2768
100
_a
Parker, t
245
_a
In No Mans, Land
260
_a
_b
Harper & Row
_c
090
_c
2063
_d
2063
942
_a
NUST-CAE
_c
M
_c
11814
999
_c
237841
_d
237841